000 00684nam a22002297a 4500
999 _c2236
_d2236
003 AR-CdUCM
008 190304b ||||| |||| 00| 0 spa d
040 _aMUNICIPALIDAD PROVINCIAL DEL CUSCO
_cBIBLIOTECA MUNICIPAL DEL CUSCO
041 _hfre
082 _a809.05 /
_bV65
100 _aVolanova, Antonio
_98051
245 _aLas Literaturas Contemporáneas en el Mundo /
260 _aEspaña :
_bVicens - Vives ;
_c1967.
300 _a420 páginas
_c21cm
505 _aContenido: Literatura
650 _aLiteratura
_9416
700 _aMolas, Joaquim
_98052
700 _aLosada, Basilio
_98053
700 _aZuleta, Enrique
_98054
942 _2ddc
_cLIBROS
945 _anom